000
00318nam a2200109Ia 4500
008
221009s9999 xx 000 0 und d
082
_a
891.431/KUS/P
100
_a
कुसुमाग्रज
_9
45128
245
0
_a
आनन्दलोक
260
_b
आलोकपर्व प्रकाशन
942
_c
BK
999
_c
65079
_d
65079